| 000 | 00714cam a22001935a 4500 | ||
|---|---|---|---|
| 001 | L156710 | ||
| 008 | 120627s1871 xxk f 000 0 eng d | ||
| 035 | _a(Sirsi) u156710 | ||
| 041 | 0 | _aeng | |
| 100 | 1 | _aDashwood, F. L. | |
| 245 | 0 | 0 |
_aOn local rating in England, Scotland and Ireland _band how to enlist the co-operation of owners and occupiers both large and small in advancing primary education and diminishing pauperism. |
| 260 |
_aLondon _bWilliam Ridgway _c1871 |
||
| 300 |
_a392 p. _c23 cm. |
||
| 520 | _aContains annotations, and a handwritten index. | ||
| 583 |
_aCondition reviewed _c20120620 _lcondition level 4 |
||
| 651 | 4 |
_aGreat Britain _y1707- |
|
| 690 | _aFinance and taxation | ||
| 942 | _n0 | ||
| 999 |
_c114378 _d114378 |
||